| 000 | 01385nam a2200229Ia 4500 | ||
|---|---|---|---|
| 003 | OSt | ||
| 005 | 20250206101232.0 | ||
| 007 | ca aa aaaaa | ||
| 008 | 201103s9999 xx 000 0 und d | ||
| 040 | _cSSBUL | ||
| 041 | _abur | ||
| 082 |
_223 _a၂၉၄.၃၆၅၇ တော _b၉၃၂၁ S-SAT |
||
| 245 | 0 | _aတောရသာသနာဆယ့်ငါးနှစ်တာ(၁၃၅၃-၁၃၆၈)။ | |
| 260 |
_aရန်ကုန် ၊ _bယုံကြည်ချက်စာပေ၊ _c၂၀၀၇။ |
||
| 300 |
_aစ၊ ၁၇၆ စာမျက်နှာ ၊ _bဓါတ်ပုံများ ၊ _c၂၆ စင်တီ။ |
||
| 500 | _a မန္တလေးတိုင်း၊ တံတားဦးမြို့နယ်၊ သူငယ်တော်ရွာ၊ တောရကျောင်းဆယ့်ငါးနှစ်ပြည့်အထိမ်းအမှတ်ထုတ်ဝေထားသည်။ | ||
| 500 | _aS-SAT: Dr. Sai Aung Tun | ||
| 650 |
_aသူငယ်တော်တောရကျောင်း - တံတားဦးမြို့နယ် _934614 |
||
| 650 |
_aဗုဒ္ဓဘာသာဘုန်းတော်ကြီးကျောင်း _945721 |
||
| 650 |
_aဘုန်းတော်ကြီးကျောင်း - မြန်မာနိုင်ငံ။ _957344 |
||
| 942 |
_2ddc _cBK1 |
||
| 999 |
_c16828 _d16828 |
||